Catálogo - Centro de Recursos para el Aprendizaje y la Investigación
Volver al Sitio - CRAI Biblioteca| 000 -CABECERA | |
|---|---|
| campo de control de longitud fija | 02510nam a22002777a 4500 |
| 001 - NÚMERO DE CONTROL | |
| campo de control | 114139 |
| 003 - IDENTIFICADOR DEL NÚMERO DE CONTROL | |
| campo de control | DR-UNIBE |
| 005 - FECHA Y HORA DE LA ÚLTIMA TRANSACCIÓN | |
| campo de control | 20251006120906.0 |
| 008 - DATOS DE LONGITUD FIJA--INFORMACIÓN GENERAL | |
| campo de control de longitud fija | 251006b2025 dr ||||| |||| 00| 0 spa d |
| 020 ## - NÚMERO INTERNACIONAL ESTÁNDAR DEL LIBRO | |
| Número Internacional Estándar del Libro | 9789945505290 |
| 040 ## - FUENTE DE LA CATALOGACIÓN | |
| Centro catalogador/agencia de origen | BIBLIOTECA UNIBE |
| Centro/agencia transcriptor | BIBLIOTECA UNIBE |
| Normas de descripción | rda |
| 041 ## - CÓDIGO DE LENGUA | |
| Código de lengua del texto/banda sonora o título independiente | spa |
| 082 ## - NÚMERO DE LA CLASIFICACIÓN DECIMAL DEWEY | |
| Número de clasificación | RD 321.8 A162d |
| 100 ## - ENTRADA PRINCIPAL--NOMBRE DE PERSONA | |
| Nombre de persona | Abreu, Radamés |
| 9 (RLIN) | 85580 |
| Término indicativo de función/relación | autor |
| 245 14 - MENCIÓN DE TÍTULO | |
| Título | Los desafíos del siglo XXI / |
| Mención de responsabilidad, etc. | Radamés Abreu |
| 260 ## - PUBLICACIÓN, DISTRIBUCIÓN, ETC. | |
| Lugar de publicación, distribución, etc. | Santo Domingo : |
| Nombre del editor, distribuidor, etc. | [Editor no identificado], |
| Fecha de publicación, distribución, etc. | 2025 |
| 300 ## - DESCRIPCIÓN FÍSICA | |
| Extensión | 249 páginas |
| 505 ## - NOTA DE CONTENIDO CON FORMATO | |
| Nota de contenido con formato | Capítulo I. Los orígenes de la democracia |<br/>Capítulo II. Los fundamentos |<br/>Capítulo III. Los sistemas adversarios |<br/>Capítulo IV. Luchas de contrarios |<br/>Capítulo V. Relación entre capitalismo, democracia y comunismo |<br/>Capítulo VI. Los problemas del sistema comunista |<br/>Capítulo VIII. Los desafíos de la democracia |<br/>Capítulo VIII. La democracia en América Latina |<br/>Capítulo IX. El papel de los partidos políticos |<br/>Capítulo X. Las dictaduras y sus consecuencias |<br/>Capítulo XI. La educación es determinante |<br/>Capítulo XII. La calidad educativa |<br/>Capítulo XIII. Riqueza y democracia |<br/>Capítulo XIV. El ranking del sistema democrático |<br/>Capítulo XV. Los países con mayor economía global |<br/>Capítulo XVI. Los mejores sistemas de salud |<br/>Capítulo XVII. Acciones en favor de la salud de América Latina |<br/>Capítulo XVIII. El mayor desafío de la humanidad |<br/>Capítulo XIX. Para vencer los mayores desafíos |<br/>Capítulo XX. Hacia una cultura democrática |<br/> |
| 520 #3 - SUMARIO, ETC. | |
| Sumario, etc. | Los desafíos del presente siglo convocan a todos los humanos acuciosos de todos los continentes, a pensar de modo profundo y creativo en aras de construir las herramientas ideológicas y prácticas para poder vencer los grandes y graves desafíos que tenemos los habitantes que poblamos el planeta Tierra. <br/>Estos nos conducen a evaluar los sistemas políticos, económicos y sociales que han creado y elaborado los pensadores iluminados que pasaron por la vida y legaron a la humanidad ideas y fundamentos que han servido de ejes para que encontremos el sistema para enfrentar los mayores desafíos y lograr perpetuar la paz mediante el intercambio y la cooperación de los ciudadanos de todos los países. |
| 650 #7 - PUNTO DE ACCESO ADICIONAL DE MATERIA--TÉRMINO DE MATERIA | |
| Fuente del encabezamiento o término | lemb |
| Término de materia o nombre geográfico como elemento de entrada | Ciencias políticas |
| 650 #7 - PUNTO DE ACCESO ADICIONAL DE MATERIA--TÉRMINO DE MATERIA | |
| Fuente del encabezamiento o término | lemb |
| Término de materia o nombre geográfico como elemento de entrada | Economía |
| 650 #7 - PUNTO DE ACCESO ADICIONAL DE MATERIA--TÉRMINO DE MATERIA | |
| Fuente del encabezamiento o término | lemb |
| Término de materia o nombre geográfico como elemento de entrada | Democracia |
| 700 ## - PUNTO DE ACCESO ADICIONAL--NOMBRE DE PERSONA | |
| Nombre de persona | Méndez, Pastora |
| 9 (RLIN) | 199547 |
| Término indicativo de función/relación | corrector |
| 700 ## - PUNTO DE ACCESO ADICIONAL--NOMBRE DE PERSONA | |
| Nombre de persona | Alemany Ripoll, Judith |
| Término indicativo de función/relación | corrector |
| 9 (RLIN) | 199551 |
| 942 ## - ELEMENTOS DE PUNTO DE ACCESO ADICIONAL (KOHA) | |
| Fuente del sistema de clasificación o colocación | Sistema de Clasificación Decimal Dewey |
| Tipo de ítem Koha | Libro (general) |
| Estado de retiro | Estado de pérdida | Fuente del sistema de clasificación o colocación | No para préstamo | Código de colección | Localización permanente | Fecha de adquisición | Total de préstamos | Signatura topográfica completa | Código de barras | Fecha visto por última vez | Número de copia | Precio válido a partir de | Tipo de ítem Koha |
|---|---|---|---|---|---|---|---|---|---|---|---|---|---|
| Disponible | Sistema de Clasificación Decimal Dewey | General - Libros dominicanos | Biblioteca Central UNIBE | 06/10/2025 | RD 321.8 A162d | 251045 | 06/10/2025 | Ej. 1 | 06/10/2025 | Libro (general) |